[Event "Eastern Asia-ch U14"]
[Site "Tornelo INT"]
[Date "2021.10.31"]
[Round "8"]
[White "Miri, Ali"]
[Black "Balaram, Harsha Kallakuri"]
[Result "1-0"]
[WhiteElo "1542"]
[BlackElo "1222"]
[PlyCount "39"]
[EventDate "2021.10.29"]
[EventType "swiss"]
[EventRounds "9"]
[EventCountry "NET"]
[SourceTitle "EXT 2023"]
[Source "ChessBase"]
[SourceDate "2022.10.05"]
[SourceVersion "1"]
[SourceVersionDate "2022.10.05"]
[SourceQuality "1"]

1. e4 d6 2. d4 Nf6 3. Nd2 e5 4. dxe5 dxe5 5. Ngf3 Nbd7 6. Bc4 Bc5 7. Qe2 0-0 8. Nb3 Bb6 9. Bg5 h6 10. Bh4 c6 11. g4 Qc7 12. g5 hxg5 13. Bxg5 Nh7 14. Bd2 Nc5 15. Rg1 Nxb3 16. Bxb3 Kh8 17. Ng5 Qe7 18. Qh5 Bxf2+ 19. Kd1 Bg4+ 20. Rxg4 1-0

[Event "Eastern Asia-ch U14"]
[Site "Tornelo INT"]
[Date "2021.10.31"]
[Round "9"]
[White "Sayyam, Narang"]
[Black "Miri, Ali"]
[Result "0-1"]
[WhiteElo "1176"]
[BlackElo "1542"]
[PlyCount "114"]
[EventDate "2021.10.29"]
[EventType "swiss"]
[EventRounds "9"]
[EventCountry "NET"]
[SourceTitle "EXT 2023"]
[Source "ChessBase"]
[SourceDate "2022.10.05"]
[SourceVersion "1"]
[SourceVersionDate "2022.10.05"]
[SourceQuality "1"]

1. e4 e5 2. Nf3 Nc6 3. d4 exd4 4. Bc4 Nf6 5. e5 d5 6. Bb5 Ne4 7. Nxd4 Bc5 8. Be3 Bd7 9. Bxc6 bxc6 10. 0-0 Bb6 11. Nd2 Ng5 12. Kh1 Ne6 13. N2f3 Nxd4 14. Bxd4 c5 15. e6 Bxe6 16. Bxg7 Rg8 17. Bh6 Qf6 18. Qd2 0-0-0 19. Rg1 Qg6 20. Ne5 Qh5 21. Nc6 Rde8 22. Bf4 Kb7 23. Na5+ Kc8 24. Nc6 Qf5 25. Bg3 h5 26. Bh4 f6 27. Qe2 c4 28. Qd2 Rg4 29. Rad1 Rxh4 30. g3 Qf3+ 31. Rg2 Bh3 32. Rdg1 Bxg2+ 33. Rxg2 Rhe4 34. h4 Re1+ 35. Kh2 R1e2 36. Nd4 Rxd2 37. Nxf3 Rxf2 38. Rxf2 Bxf2 39. c3 Bc5 40. Kh3 Re2 41. g4 hxg4+ 42. Kxg4 Rxb2 43. h5 Be3 44. Kf5 Rf2 45. Kxf6 Rxf3+ 46. Kg7 Bd2 47. a4 Rxc3 48. a5 Rg3+ 49. Kh7 c3 50. a6 c2 51. Kh8 c1Q 52. h6 Qc3+ 53. Kh7 Qd3+ 54. Kh8 Qd4+ 55. Kh7 Qe4+ 56. Kh8 Qe8+ 57. Kh7 Qg8# 0-1

[Event "Eastern Asia-ch U14"]
[Site "Tornelo INT"]
[Date "2021.10.30"]
[Round "4"]
[White "Beh, Keat Ket"]
[Black "Miri, Ali"]
[Result "0-1"]
[WhiteElo "1133"]
[BlackElo "1542"]
[PlyCount "56"]
[EventDate "2021.10.29"]
[EventType "swiss"]
[EventRounds "9"]
[EventCountry "NET"]
[SourceTitle "EXT 2023"]
[Source "ChessBase"]
[SourceDate "2022.10.05"]
[SourceVersion "1"]
[SourceVersionDate "2022.10.05"]
[SourceQuality "1"]

1. e4 e5 2. Nf3 Nc6 3. Bc4 Nf6 4. Ng5 d5 5. exd5 Na5 6. Bb5+ c6 7. dxc6 bxc6 8. Ba4 h6 9. Nf3 e4 10. Qe2 Be6 11. Ne5 Qd4 12. Bxc6+ Nxc6 13. Nxc6 Qc5 14. Qa6 Bc8 15. b4 Qxc2 16. Na3 Qxc1+ 17. Rxc1 Bxa6 18. Rc3 Nd5 19. Rb3 Bd3 20. f3 f5 21. Kf2 Bd6 22. Re1 0-0 23. Rc1 Rac8 24. b5 Bxa3 25. Rxa3 Bxb5 26. Rc5 Bxc6 27. Ra6 Nb4 28. Rxa7 Nd3+ 0-1